000 00664nam a22001817a 4500
003 UA-OsUOA
001 17924
007 ta
008 20040404b un ||||| |||| 00| 0 ukr d
100 _aБашук В.П.
942 _cSA
040 _aUA-OsUOA
_cUA-OsUOA
_dUA-OsUOA
245 _aПріоритетні напрямки роботи податківців Рівненщини
_b[Інтерв'ю з керівником податкової служби обл. В.П.Башуком]
300 _aС.5
955 _a0
773 0 _w0
_tВільне слово
_dРівне
_d2004
_g№24/26 /26 берез./
650 7 _aКраєзнавча робота
_2UDC
999 _c304093
_d304093